[Event "Panchenko Memorial-B 2021"]
[Site "Chelyabinsk"]
[Date "2021.09.14"]
[Round "2.4"]
[White "Kovanova, Baira"]
[Black "Strutinskaia, Galina"]
[Result "1-0"]
[WhiteElo "2310"]
[BlackElo "2164"]
[Annotator "NA"]
[PlyCount "67"]
[EventDate "2021.09.13"]
[EventType "swiss"]
[EventCountry "RUS"]
[SourceTitle "playchess.com"]
[Source "ChessBase"]
[SourceQuality "1"]
[TimeControl "5400+30"]

1. e4 {[%emt 0:00:03]} c5 {[%emt 0:00:05]} 2. Nf3 {[%emt 0:00:03]} e6 {[%emt 0:00:18]} 3. d4 {[%emt 0:00:47]} cxd4 {[%emt 0:00:06]} 4. Nxd4 {[%emt 0:00:03]} a6 {[%emt 0:00:35]} 5. Nc3 {[%emt 0:02:16]} b5 {[%emt 0:00:52]} 6. Bd3 {[%emt 0:02:11]} Bb7 {[%emt 0:01:29]} 7. O-O {[%emt 0:01:54]} Nc6 {[%emt 0:01:58]} 8. Nxc6 {[%emt 0:01:18]} Bxc6 {[%emt 0:00:53]} 9. Be3 {[%emt 0:10:08]} Nf6 {[%emt 0:05:37]} 10. e5 {[%emt 0:05:11]} Nd5 {[%emt 0:03:08]} 11. Nxd5 {[%emt 0:02:11]} Bxd5 {[%emt 0:00:15]} 12. a4 {[%emt 0:00:24]} b4 {[%emt 0:00:39]} 13. Qe2 {[%emt 0:06:25]} a5 {[%emt 0:01:42]} 14. Bc4 {[%emt 0:04:42]} Bc6 {[%emt 0:04:26]} 15. Bb5 {[%emt 0:02:49]} Qc7 {[%emt 0:05:39]} 16. Rfd1 {[%emt 0:07:02]} Be7 {[%emt 0:04:46]} 17. Bxc6 $11 {[%emt 0:07:06]} dxc6 {[%emt 0:04:30]} 18. Qc4 {[%emt 0:02:43]} O-O {[%emt 0:01:00]} 19. Bc5 {[%emt 0:00:35]} h6 {[%emt 0:11:07]} 20. Bd6 {[%emt 0:08:03]} Qb7 {[%emt 0:02:24]} 21. h3 {[%emt 0:04:52]} Rfc8 {[%emt 0:01:29]} 22. Rd3 {[%emt 0:05:59]} c5 {[%emt 0:07:01]} 23. Rad1 {[%emt 0:00:41]} Bg5 {[%emt 0:01:48]} 24. h4 {[%emt 0:09:10]} Bd8 {[%emt 0:01:28]} 25. Qf4 {[%emt 0:01:14]} f5 {[%emt 0:11:52]} 26. exf6 {[%emt 0:04:56]} Bxf6 {[%emt 0:00:07]} 27. Be5 {[%emt 0:00:13]} Rf8 {[%emt 0:04:09]} 28. Rd7 {[%emt 0:01:19]} Qc6 {[%emt 0:00:14]} 29. Rc7 {[%emt 0:01:32]} Qe8 {[%emt 0:04:37]} 30. Rdd7 {[%emt 0:01:29]} Qg6 {[%emt 0:00:09]} 31. h5 {[%emt 0:02:12]} Qg5 {[%emt 0:00:29]} 32. Qxg5 {[%emt 0:01:42]} hxg5 {[%emt 0:00:11]} 33. Bxf6 {[%emt 0:00:25]} Rxf6 {[%emt 0:00:15]} 34. Rxg7+ {[%emt 0:00:06]} 1-0

[Event "Panchenko Memorial-B 2021"]
[Site "Chelyabinsk"]
[Date "2021.09.14"]
[Round "2.5"]
[White "Nasyrova, Ekaterina"]
[Black "Charochkina, Daria"]
[Result "0-1"]
[WhiteElo "2205"]
[BlackElo "2307"]
[Annotator "ChessBase"]
[PlyCount "136"]
[EventDate "2021.09.13"]
[EventType "swiss"]
[EventCountry "RUS"]
[SourceTitle "playchess.com"]
[Source "ChessBase"]
[SourceQuality "1"]
[TimeControl "5400+30"]

1. d4 {[%emt 0:00:04]} d6 {[%emt 0:00:13]} 2. Nf3 {[%emt 0:00:13]} Nf6 {[%emt 0:00:06]} 3. c4 {[%emt 0:00:16]} g6 {[%emt 0:00:11]} 4. Nc3 {[%emt 0:00:15]} Bf5 {[%emt 0:00:19]} 5. Qb3 {[%emt 0:00:23]} b6 {[%emt 0:00:08]} 6. h3 {[%emt 0:01:15]} Bg7 {[%emt 0:00:14]} 7. g4 {[%emt 0:01:26]} Bd7 {[%emt 0:00:04]} 8. Bg2 {[%emt 0:01:59]} Nc6 {[%emt 0:00:30]} 9. Qc2 {[%emt 0:07:34]} O-O {[%emt 0:01:31]} 10. O-O {[%emt 0:00:47]} Na5 {[%emt 0:08:31]} 11. b3 {[%emt 0:21:28]} c5 {[%emt 0:00:52]} 12. Be3 {[%emt 0:01:09]} h5 {[%emt 0:17:32]} 13. g5 {[%emt 0:11:58]} Bf5 {[%emt 0:00:44]} 14. Qd2 {[%emt 0:03:21]} Ne4 {[%emt 0:00:29]} 15. Nxe4 {[%emt 0:00:11]} Bxe4 {[%emt 0:00:03]} 16. Rad1 {[%emt 0:00:15]} Rc8 {[%emt 0:07:43]} 17. Nh4 {[%emt 0:08:41]} Bxg2 {[%emt 0:28:40]} 18. Kxg2 {[%emt 0:02:21]} cxd4 {[%emt 0:00:31]} 19. Bxd4 {[%emt 0:00:25]} Bxd4 {[%emt 0:00:26]} 20. Qxd4 {[%emt 0:00:11]} Rc5 {[%emt 0:00:26]} 21. f4 {[%emt 0:03:10]} Nc6 {[%emt 0:09:07]} 22. Qe4 {[%emt 0:05:18]} Kh7 {[%emt 0:01:59]} 23. Rf3 {[%emt 0:11:53]} Qc8 {[%emt 0:07:46]} 24. Rd5 {[%emt 0:14:17]} Qe6 {[%emt 0:02:41]} 25. Re3 {[%emt 0:01:38]} Qxe4+ {[%emt 0:00:55]} 26. Rxe4 {[%emt 0:00:02]} a5 {[%emt 0:00:12]} 27. a3 {[%emt 0:00:23]} Kg7 {[%emt 0:03:33]} 28. Nf3 {[%emt 0:01:45]} Rc8 {[%emt 0:03:24]} 29. Ne1 {[%emt 0:01:38]} Kf8 {[%emt 0:01:29]} 30. Rd2 {[%emt 0:00:39]} b5 {[%emt 0:01:55]} 31. Nd3 {[%emt 0:00:26]} Rf5 {[%emt 0:00:09]} 32. Rc2 {[%emt 0:00:35]} Nd8 {[%emt 0:00:01]} 33. Rc1 {[%emt 0:00:19]} d5 {[%emt 0:01:08]} 34. cxd5 {[%emt 0:00:41]} Rxc1 {[%emt 0:00:08]} 35. Nxc1 {[%emt 0:00:01]} Rxd5 {[%emt 0:00:05]} 36. a4 {[%emt 0:00:49]} Ne6 {[%emt 0:01:14]} 37. axb5 {[%emt 0:00:21]} Rxb5 {[%emt 0:00:06]} 38. Ra4 {[%emt 0:00:50]} Nc5 {[%emt 0:01:16]} 39. Ra3 {[%emt 0:00:16]} Ke8 {[%emt 0:00:11]} 40. Kf3 {[%emt 0:00:27]} Kd7 {[%emt 0:01:08]} 41. e3 {[%emt 0:00:31]} Kc7 {[%emt 0:01:01]} 42. Ke2 {[%emt 0:00:42]} Kb6 {[%emt 0:00:25]} 43. Kd2 {[%emt 0:00:33]} e5 {[%emt 0:00:12]} 44. Kc2 {[%emt 0:00:32]} exf4 {[%emt 0:01:38]} 45. exf4 {[%emt 0:00:02]} Rb4 {[%emt 0:01:01]} 46. Ne2 {[%emt 0:00:24]} Ne6 {[%emt 0:00:02]} 47. Ra1 {[%emt 0:00:59]} Nxf4 {[%emt 0:00:44]} 48. Nc3 {[%emt 0:00:07]} Rd4 {[%emt 0:00:36]} 49. Rf1 {[%emt 0:00:13]} Nxh3 {[%emt 0:01:07]} 50. Rxf7 {[%emt 0:00:16]} Nxg5 {[%emt 0:00:16]} 51. Rf6+ {[%emt 0:00:10]} Kb7 {[%emt 0:00:29]} 52. Rxg6 {[%emt 0:00:07]} Nf3 {[%emt 0:00:18]} 53. Na4 {[%emt 0:01:16]} Rd5 {[%emt 0:00:32]} 54. Kc3 {[%emt 0:00:30]} Kc7 {[%emt 0:00:42]} 55. Rh6 {[%emt 0:00:08]} Kd8 {[%emt 0:00:43]} 56. Kc4 {[%emt 0:00:49]} Re5 {[%emt 0:00:01]} 57. Nc5 {[%emt 0:01:14]} Ke7 {[%emt 0:00:11]} 58. Nd3 {[%emt 0:00:36]} Rf5 {[%emt 0:00:32]} 59. Nc5 {[%emt 0:00:37]} h4 {[%emt 0:00:16]} 60. Ne4 {[%emt 0:00:26]} Re5 {[%emt 0:00:59]} 61. Kd3 {[%emt 0:00:28]} Rb5 {[%emt 0:00:19]} 62. Nd2 {[%emt 0:00:38]} Ne5+ {[%emt 0:01:02]} 63. Kd4 {[%emt 0:00:23]} Kd7 {[%emt 0:00:37]} 64. Rh7+ {[%emt 0:00:31]} Ke6 {[%emt 0:00:30]} 65. Rh6+ {[%emt 0:00:29]} Kf7 {[%emt 0:00:00]} 66. Ne4 {[%emt 0:00:30]} Nf3+ {[%emt 0:00:21]} 67. Kc4 {[%emt 0:00:36]} Rb4+ {[%emt 0:00:16]} 68. Kd3 {[%emt 0:00:20]} Ne5+ {[%emt 0:00:12]} 0-1

[Event "Panchenko Memorial-B 2021"]
[Site "Chelyabinsk"]
[Date "2021.09.15"]
[Round "3.1"]
[White "Doluhanova, Evgeniya"]
[Black "Balabayeva, Xeniya"]
[Result "0-1"]
[WhiteElo "2230"]
[BlackElo "2318"]
[Annotator "TA"]
[PlyCount "136"]
[EventDate "2021.09.13"]
[EventType "swiss"]
[EventCountry "RUS"]
[SourceTitle "playchess.com"]
[Source "ChessBase"]
[SourceQuality "1"]

{[%evp 9,136,1,22,33,35,-19,-9,-16,-10,-31,-42,-55,-41,-75,-80,-83,-65,-62,-68,-77,-68,-68,-7,-31,-34,-42,-45,-60,-17,-79,-60,-87,-85,-96,-71,-100,-16,-83,-44,-54,-53,-70,-58,-61,-20,-31,-18,-57,-55,-75,-73,-58,-83,-89,-30,-131,-8,-8,-8,-27,-28,-28,-31,-26,-27,-30,-27,-25,-29,-22,-23,-22,-22,-23,-24,-83,-79,-59,-15,-15,-18,-175,-17,-418,-451,-705,-688,-473,-620,-449,-507,-707,-694,-409,-461,-668,-743,-987,-946,-1570,-758,-885,-783,-767,-577,-658,-680,-1348,-1139,-1383,-725,-659,-337,-1619,-1752,-1447,-1147,-1410,-592,-6091,-5102,-29979,-29979,-29979,-29980,-29978,-29979,-29986,-29987]} 1. Nf3 d5 2. g3 Bg4 3. Ne5 Bf5 4. Bg2 Nd7 5. d4 Nxe5 (5... e6 {feels hotter.} 6. O-O Ngf6 7. c4 c6 8. Nc3 Be7) 6. dxe5 {A07: Réti Opening: New York and Capablanca Systems.} c6 {[#]} 7. e4 $146 (7. Nd2 $14) ({Predecessor:} 7. c4 Bxb1 8. Rxb1 e6 9. O-O Ne7 10. cxd5 Nxd5 11. Qb3 Qb6 12. Qc4 Be7 13. Qg4 {1-0 (33) Hinrichs,L (2205)-Kramer,J (2339) Lueneburg 2015}) 7... Bxe4 $11 8. Bxe4 {The position is equal.} dxe4 9. Qxd8+ Rxd8 10. Be3 g6 11. Bxa7 Bg7 $1 12. Bb6 Rd7 13. Nd2 Bxe5 14. Nxe4 Bxb2 15. Rb1 {[#]} Bd4 (15... Nf6 $1 $15) 16. Ke2 f5 17. Ng5 {Bxd4 is the strong threat.} Be5 18. Rhd1 {Strongly threatening Rxd7.} Nf6 (18... Bd6 {with more complications.} 19. c4 h6 20. Nf3 Nf6 21. Be3 Ne4) 19. f4 (19. Rxd7 $11 Nxd7 20. a4) 19... Bd6 $17 20. c4 h6 21. Nf3 Ne4 22. Rb3 Bc5 ({Black should play} 22... Rh7 $17) 23. Nd2 (23. Ne5 $1 $11 {keeps the balance.} Rxd1 24. Kxd1) 23... Nc3+ 24. Rxc3 Bxb6 25. Rb3 Bc5 26. Nf3 Rc7 27. Ne5 g5 28. Rbd3 {[%csl Gd1][%cal Rd3d8]} Bd6 29. Re3 {aiming for Ng6.} O-O 30. fxg5 hxg5 31. Nf3 g4 (31... Ra8 $17 32. Nxg5 Rxa2+ 33. Rd2 Rxd2+ 34. Kxd2 Rd7) 32. Ng5 (32. Nd4 $11 {remains equal.} Rd7 33. Ne6) 32... f4 ({Black should try} 32... Ra8 $17 33. a4 b6) 33. gxf4 Bxf4 34. Re4 {Hoping for Ne6.} Bxg5 35. Rxg4 {[#]} Rf4 $1 36. Rxg5+ $15 {[%mdl 4096] Endgame KRR-KRR} Kf7 37. c5 Rh4 38. Rf1+ Ke6 39. Rf2 $1 Rd7 40. Kf3 Rd5 41. Re2+ Kf6 42. Rxd5 (42. Rg8 $11) 42... cxd5 $11 {KR-KR} 43. Rb2 Rc4 44. Rxb7 Rxc5 45. Rb2 $2 {[#] Black continues to play with concentration.} (45. h4 $11 {and White stays safe.}) 45... Kf5 $2 (45... e5 $1 $19 {Black wants to play ...Kf5.} 46. h4 Rc1) 46. Ke3 $2 {[%mdl 8192]} (46. a4 $1 $11 {and White has nothing to worry.}) 46... e5 $19 47. Kd3 (47. Rf2+ $142 Ke6 48. Kf3) 47... Rc4 48. Rf2+ Ke6 49. Rf8 Rh4 50. Re8+ Kd6 51. Rd8+ Kc6 52. Re8 (52. a4 $142 Rxa4 53. Re8 Ra3+ 54. Ke2) 52... Rh3+ 53. Kc2 e4 54. a4 Rxh2+ (54... Kc5 $142 55. a5 Rxh2+ 56. Kc3 Rh3+ 57. Kb2 Kb5) 55. Kc3 Ra2 56. Kb4 Rb2+ 57. Kc3 Rb1 58. Re6+ Kc5 59. Re8 Rb6 60. a5 Rc6 61. Rb8 $2 (61. Rd8) 61... d4+ 62. Kd2 Rg6 63. Rc8+ Kb4 (63... Kb5 $142 64. Rb8+ Kxa5) 64. Re8 Rg2+ 65. Kc1 e3 {Black mates.} 66. a6 Ra2 67. Kb1 Rxa6 68. Kb2 Kc4 {Weighted Error Value: White=0.65/Black=0.34} 0-1

[Event "Panchenko Memorial-B 2021"]
[Site "Chelyabinsk"]
[Date "2021.09.15"]
[Round "3.2"]
[White "Yakimova, Mariya"]
[Black "Kovanova, Baira"]
[Result "0-1"]
[WhiteElo "2185"]
[BlackElo "2310"]
[Annotator "TA"]
[PlyCount "74"]
[EventDate "2021.09.13"]
[EventType "swiss"]
[EventCountry "RUS"]
[SourceTitle "playchess.com"]
[Source "ChessBase"]
[SourceQuality "1"]

{[%evp 17,74,10,31,31,28,29,25,0,35,35,33,0,0,-51,55,52,54,45,54,40,44,51,43,7,1,0,-3,-137,-139,-237,-216,-261,-227,-345,-346,-358,-360,-455,-273,-286,-325,-291,-277,-595,-579,-570,-572,-820,-786,-5414,-5289,-29988,-1191,-1097,-1090,-29979,-29979,-29968,-29969]} 1. d4 Nf6 2. Nf3 e6 3. c4 b6 4. a3 Bb7 5. Nc3 Ne4 6. Nxe4 Bxe4 7. Nd2 Bb7 8. e4 g6 9. Bd3 Bg7 10. Nf3 {E12: Queen's Indian: Unusual White 4th moves, 4 a3, 4 Nc3 Bb7 5 a3 and 4 Nc3 Bb7 .} d6 {10...0-0 is the hot move.} 11. Bg5 Qd7 12. Qd2 {White has an edge.} h6 13. Be3 Nc6 14. Bc2 Ne7 {[#]} 15. Ng1 $146 (15. O-O $11) ({Predecessor:} 15. O-O-O O-O-O 16. d5 c5 17. dxc6 Nxc6 18. Nd4 Nxd4 19. Bxd4 Bxd4 20. Qxd4 Qc7 21. Rd2 Qc5 22. Rhd1 Qxd4 23. Rxd4 Kc7 24. f3 Bc6 {½-½ (24) Polugaevsky,L (2600)-Portisch,L (2630) Toluca de Lerdo 1982}) 15... d5 (15... Ba6 $15) 16. cxd5 $14 exd5 17. e5 Ba6 18. f4 O-O 19. Nf3 Rac8 20. b4 Nf5 21. Bf2 Rfe8 22. Kd1 {Black keeps a firm grip on the game.} (22. Bd3 $11 Bxd3 23. Qxd3) 22... c5 $1 $17 23. dxc5 (23. Re1 $17) 23... d4 $1 $19 24. Bxf5 ({But not} 24. Nxd4 Nxd4 25. Qxd4 Qxd4+ 26. Bxd4 Rcd8 $19) 24... Qxf5 25. Bxd4 (25. c6 {was worth a try.} Rxc6 26. h3) 25... bxc5 26. bxc5 Red8 27. Ke1 g5 28. Kf2 {[#]} Rxc5 {[%cal Bc8c5,Bc5d5,Bd5d4][%mdl 608] Hoping for ...Rc2. Pin} 29. Rac1 {[#]} Rcd5 30. h3 $2 {[#]} (30. Rhd1) 30... Bxe5 $1 {[%mdl 512]} 31. fxe5 {Threatens to win with g4.} Rxd4 32. Qe3 Rd3 33. g4 Qe6 34. Qe4 Qa2+ (34... Qb6+ $142 35. Kg3 Bb7 36. Qxb7 Qxb7 37. Rhf1 Qe4 38. Rc2 {[#]} Rxf3+ $1 {[%mdl 576] Discovered Attack} 39. Rxf3 Qxc2 40. Rf2 Qe4 41. Kh2 Rd1 42. Rb2 Rh1+ 43. Kg3 Qf4+ 44. Kg2 Qf1+ 45. Kg3 Rxh3#) 35. Kg3 {[#]} Rxf3+ $1 {[%mdl 512]} 36. Kxf3 (36. Qxf3 Rd3) 36... Qxa3+ 37. Qe3 Rd3 {Weighted Error Value: White=1.17/Black=0.34} 0-1

[Event "Panchenko Memorial-B 2021"]
[Site "Chelyabinsk"]
[Date "2021.09.15"]
[Round "3.3"]
[White "Charochkina, Daria"]
[Black "Zhapova, Yana"]
[Result "0-1"]
[WhiteElo "2307"]
[BlackElo "2212"]
[Annotator "TA"]
[PlyCount "106"]
[EventDate "2021.09.13"]
[EventType "swiss"]
[EventCountry "RUS"]
[SourceTitle "playchess.com"]
[Source "ChessBase"]
[SourceQuality "1"]

{[%evp 9,106,-9,14,-4,0,-13,0,0,0,0,10,0,17,-24,-26,-45,-35,-41,16,-58,-57,-59,-58,-97,-98,-87,-40,-160,-163,-270,-282,-403,-413,-407,-417,-414,-391,-404,-397,-382,-405,-358,-202,-204,-189,-182,-178,-183,-173,-289,-283,-289,-266,-370,-370,-402,-395,-479,-478,-582,-472,-551,-547,-552,-573,-561,-416,-485,-475,-668,-662,-658,-656,-693,-688,-704,-697,-685,-676,-666,-652,-647,-556,-699,-684,-861,-874,-1263,-1199,-1409,-1315,-1417,-1475,-29985,-29986,-29982,-29966,-29984,-29985]} 1. e4 c6 2. Nf3 d5 3. exd5 cxd5 4. Ne5 Nc6 5. Bb5 Bd7 6. Bxc6 {B10: Caro-Kann: 2 d3 and 2 c4.} Bxc6 7. d4 Nf6 8. O-O {The position is equal.} e6 9. c3 Bd6 10. Bg5 Qb6 11. b3 {[#]} Ne4 $146 ({Predecessor:} 11... Qc7 12. f4 Ne4 13. Bh4 Bb5 14. Rf3 g5 15. fxg5 Bxe5 16. dxe5 Qxe5 17. Na3 Bc6 {1-0 (41) Compton,A (2094)-Hutchinson,N (2073) England 2017}) 12. Bf4 Qc7 13. Qg4 g5 (13... O-O $1 $15) 14. Be3 (14. Bxg5 $11 h5 15. Qh4) 14... h5 $15 15. Qe2 {With the idea f3.} g4 $36 {[%mdl 2048] White is under pressure.} ({Much worse is} 15... Bxe5 16. dxe5 g4 17. Bd4 $11) 16. f3 gxf3 17. gxf3 Nf6 18. Bf4 {[#] White is on the road to losing.} (18. Bg5 $15 Rg8 19. h4) 18... h4 $1 $17 19. Kf2 (19. Kh1 {keeps fighting.}) 19... Nh5 $19 20. Bg5 (20. Bd2 {was necessary.}) 20... f6 21. Nxc6 bxc6 22. Qxe6+ Be7 23. Bc1 Qxh2+ 24. Ke1 Kf8 {Strongly threatening ...Re8.} ({Don't take} 24... Qd6 25. Qxd6 Bxd6 26. Rh1 $19) 25. Kd1 Qd6 (25... Re8 $142 26. Re1 Ng7 27. Qxc6 Qg2) 26. Qg4 Qg3 {aiming for ...h3.} 27. Rg1 Qxg4 28. fxg4 {[#]} Rg8 $1 29. Be3 (29. Nd2 $142 f5 30. g5 Rxg5 31. Rxg5 Bxg5 32. Nf3) 29... Ng3 30. Nd2 Rxg4 31. Nf3 Bd6 32. Rc1 Kf7 33. Rc2 Rag8 34. Kc1 Nf5 35. Rxg4 Rxg4 36. Bg1 Rg3 37. Rf2 Ke6 38. Rf1 Rg2 39. Rf2 (39. Bf2 $142 h3 40. Ne1 Bf4+ 41. Kd1 Rxf2 42. Rxf2) 39... Rxf2 40. Bxf2 {[%mdl 4096] Endgame KBN-KBN} h3 41. Bg1 Ng3 {Threatens to win with ...Ne2+.} 42. Kd1 Nf1 43. Ke2 {[#]} h2 $1 44. Bxh2 Nxh2 45. Nd2 Ng4 46. c4 Bf4 47. Nb1 Be3 48. Kd3 f5 49. Nc3 f4 50. cxd5+ cxd5 51. Nb5 f3 {Black mates.} 52. Nc7+ Kd6 53. Nb5+ Kd7 {Weighted Error Value: White=0.70/Black=0.15} 0-1

[Event "Panchenko Memorial-B 2021"]
[Site "Chelyabinsk"]
[Date "2021.09.15"]
[Round "3.4"]
[White "Shafigullina, Zarina"]
[Black "Kovaleva, Ekaterina"]
[Result "1/2-1/2"]
[WhiteElo "2245"]
[BlackElo "1959"]
[Annotator "TA"]
[PlyCount "90"]
[EventDate "2021.09.13"]
[EventType "swiss"]
[EventCountry "RUS"]
[SourceTitle "playchess.com"]
[Source "ChessBase"]
[SourceQuality "1"]

{[%evp 9,90,-8,20,-8,7,-15,33,31,31,31,36,24,19,13,25,21,27,25,42,46,90,70,128,123,173,179,177,171,183,94,93,67,72,65,65,58,153,-66,0,-151,-151,-123,-139,-169,-33,-352,-335,-491,-457,-900,-345,-802,-718,-806,-795,-777,-776,-2059,-3475,-5289,-3519,-3251,-2658,-29982,-29983,-29983,-29984,-29984,-29985,-29978,23,23,23,0,0,0,0,0,0,0,0,0,0]} 1. d4 d5 2. Nf3 Nf6 3. Bf4 Bf5 4. e3 e6 5. c4 Bd6 (5... Bxb1 $5 6. Qxb1 (6. Rxb1 Bb4+ 7. Ke2 Bd6 $11) 6... Bb4+ 7. Kd1 Bd6 $11) 6. Bg5 {D02: 1 d4 d5 2 Nf3 sidelines, including 2...Nf6 3 g3 and 2...Nf6 3 Bf4.} c6 {[#]} 7. Qb3 $146 ({Predecessor:} 7. Nc3 Nbd7 8. a3 a5 9. c5 Be7 10. b4 axb4 11. axb4 O-O 12. Be2 Rxa1 13. Qxa1 {0-1 (51) Ploetz,H (1625)-Bayer,M (1765) Heusenstamm 2016}) 7... Qb6 (7... Nbd7 {keeps more tension.} 8. Nbd2 Qb8 9. Bxf6 Nxf6 10. Bd3 O-O) 8. c5 {White is slightly better.} Qxb3 9. axb3 Bc7 10. Nc3 Nbd7 11. b4 Ne4 12. Bf4 Bxf4 13. exf4 Nxc3 14. bxc3 Nf6 15. Ne5 Ne4 (15... Nd7 $14) 16. Ra3 Ke7 17. g4 Bg6 18. h4 h6 19. Bd3 (19. b5 $18) 19... Bh7 $16 20. h5 f6 21. Ng6+ Bxg6 22. hxg6 {And now f3 would win.} f5 {[#]} ({Better is} 22... e5 $1 $14) 23. g5 $2 (23. f3 $1 $16) 23... a6 (23... hxg5 $15 24. Rxh8 Rxh8 25. Rxa7 gxf4) 24. f3 $2 (24. gxh6 $11 Rxh6 25. Rxh6 gxh6 26. b5) 24... hxg5 $17 25. Rxh8 Rxh8 26. fxe4 fxe4 {[%mdl 4096] Endgame KRB-KR} ({Black should try} 26... dxe4 $19 27. Bxa6 Ra8 {[%mdl 64] Pin} 28. fxg5 Rxa6) 27. Bf1 $2 {[%mdl 8192]} (27. Bxa6 $1 $15 Ra8 {[%mdl 64] Pin} 28. fxg5) 27... gxf4 $19 28. Ra2 (28. c4 {was called for.} dxc4 29. Bg2) 28... Kf6 29. Rg2 (29. c4 $142 Rh1 30. Rf2) 29... Rh6 $2 (29... Kf5 {...f3 is the strong threat.} 30. Kf2 e3+ 31. Ke1 Rh1) 30. c4 $2 (30. Be2) 30... f3 31. Rg3 Kf5 32. Rh3 Rxg6 33. Kf2 Kf4 34. Rh4+ Rg4 35. Rxg4+ Kxg4 {KB-KP} 36. b5 a5 37. cxd5 exd5 38. bxc6 bxc6 39. Bb5 Kf5 $2 (39... Kf4 {mates} 40. Bxc6 g5 41. Ke1 g4 42. Kd2 g3 43. Bxd5 g2 44. Kc3 g1=Q 45. Bf7 f2 46. Bc4 Qc1+ 47. Kb3 Qb1+ 48. Kc3 Qb4+ 49. Kc2 Qxc4+ {[%mdl 64] Double Attack} 50. Kd2 e3+ 51. Kd1 f1=Q#) 40. Bxc6 $11 Ke6 41. Bb7 a4 {[#] Threatens to win with ...a3.The position is equal.} 42. Bc8+ $1 Ke7 (42... Kf6 $5 43. Bb7 $8 Ke6 44. Bc8+ Kf6 $11) 43. Bb7 Ke6 {aiming for ...a3.} 44. Bc8+ $1 Ke7 (44... Kf6 $5 45. Bb7 $8 Ke6 $11) 45. Bb7 Ke6 {Quite a comeback for White.  Weighted Error Value: White=0.92/Black=0.49} 1/2-1/2

[Event "Panchenko Memorial-B 2021"]
[Site "Chelyabinsk"]
[Date "2021.09.15"]
[Round "3.5"]
[White "Serikbay, Assel"]
[Black "Protopopova, Anastasiya"]
[Result "1-0"]
[WhiteElo "2221"]
[BlackElo "2299"]
[Annotator "TA"]
[PlyCount "65"]
[EventDate "2021.09.13"]
[EventType "swiss"]
[EventCountry "RUS"]
[SourceTitle "playchess.com"]
[Source "ChessBase"]
[SourceQuality "1"]

{[%evp 12,65,16,18,14,26,26,17,75,81,80,75,78,67,69,95,87,71,258,247,316,322,749,743,675,233,236,236,223,70,206,17,63,0,0,0,31,29,33,40,37,20,16,21,297,293,270,272,735,733,741,728,12833,12833,1650,1333]} 1. e4 c5 2. Nf3 d6 3. d4 cxd4 4. Nxd4 Nf6 5. Nc3 a6 6. Bg5 Nbd7 7. Bc4 {7.Qe2 is the modern continuation.} Qb6 {B94: Sicilian Najdorf: 6 Bg5 Nbd7.} 8. Bb3 e6 9. a4 {[#]} Nc5 $146 (9... Qa5 $11 10. Bd2 Qb4) ({Predecessor:} 9... Qa5 10. Qd2 h6 11. Bxf6 Nxf6 12. f4 Nd7 13. f5 Nc5 14. O-O Bd7 15. Ba2 Be7 16. fxe6 fxe6 {1-0 (33) Kuybokarov,T (2549)-Xu,Y (2554) Tornelo INT 2021}) 10. Bxf6 $16 gxf6 11. a5 Qc7 12. Ba2 b5 13. axb6 Qxb6 14. O-O Qxb2 $2 (14... Bg7 $16 {might work better.}) 15. Qf3 $18 Qb4 16. Rfd1 (16. Qxf6 Qxc3 17. Qxh8 Bb7 $16) 16... Bb7 $2 (16... Ra7 17. Rab1 (17. Qxf6 Rg8 $18) 17... Qa5) 17. Rab1 Qa5 {[#]} 18. Qxf6 $2 (18. Bxe6 $1 {[%mdl 512]} fxe6 19. Qh5+ Kd7 20. Qf7+ {[%mdl 64] Double Attack} Be7 {[#]} 21. Rxb7+ $1 {[%mdl 576] Deflection} Nxb7 22. Qxe6+ Ke8 23. Nc6 $1 {[%mdl 64] Double Attack}) 18... Qxc3 19. Qxh8 {Strongly threatening Qg8.} Bxe4 20. Qf6 $2 (20. Qg8 $18) 20... Be7 (20... d5 $14) 21. Qf4 $2 ({Only move:} 21. Qg7 $18) 21... Rc8 22. Nxe6 fxe6 $11 23. Bxe6 {White threatens Qf7+ and mate.} Nxe6 24. Qxe4 $40 {[%mdl 192] Double Attack. White mounts an attack.} Ng5 25. Qg4 {[%mdl 1024] aiming for h4. White has compensation.} Qc4 26. Rd4 Qe6 27. Qd1 Ne4 $2 {[%mdl 8192]} (27... Rc5 $11 {and Black stays safe.}) 28. Qh5+ $18 {[%mdl 64] Double Attack} Kd7 29. Rb7+ ({Not} 29. Qxh7 Nc3 $17) 29... Rc7 $2 (29... Kc6 30. Rxe7 Qxe7) 30. Rxc7+ {White is clearly winning.} Kxc7 31. Qa5+ {[%mdl 64] Double Attack} Kc8 32. Qxa6+ Kc7 33. Qa7+ {Weighted Error Value: White=0.42/Black=0.65} 1-0